000 00831nam a22002295i 4500
001 165806
003 ES-MaACL
005 20230906213217.0
008 050726s1900 gw |||| | ger d
040 _aCAM
_bspa
_cCAM
245 0 0 _aStragesetzbuch für das Deutsch Reich ... /
_ctext Ausgabe mit Anmerfungen und Sachregister von Dr. Hans Rüdorff.
250 _a20 Auf. von Dr. H. Appelius.
260 _aBerlin :
_bI. Guttentag,
_c1900.
300 _aXXXII, 392 p. ;
_c14 cm.
490 1 _aGuttentag'sche Sammlung Deutscher Reichsgesetze ;
_v2
650 4 _aDerecho penal-
_zAlemania.
_911750
700 1 _aRüdorff, Hans.
_9132240
700 1 _aAppelius, Hugo.
_9125685
830 0 _aGuttentag'sche Sammlung Deutscher Reichsgesetze ;
_v2
_9222498
852 _aES-MaACL
_jD-5224
_z-- Enc. tela
999 _c165806
_d165806